00700nam a2200193 i 4500001000300000100001500003245006600018260004700084300004100131490005300172500003800225504003400263830004600297040000800343041000800351080000800359008004100367856009800408bg1 aGAJ, Miron 0aNowoczesne metody oceny odwzorowań optycznych /cMiron Gaj. aWrocław :bWydawn. Polit. Wrocł.,c1977. as. 76 :brys., tabl. [w tym] nlb. 1.1 aPrace Nauk. Inst. Fizyki Polit. Wrocł. ;vNr 10 a[Streszcz. w jęz. ang. i ros.]. a[Zawiera bibliogr. s. 73-75]. aPrace Nauk. Inst. Fizyki Polit. Wrocł. ; cBPK apol a535 s pl f |000 0 pol  uhttp://koha.tu.koszalin.pl/cgi-bin/koha/opac-detail.pl?biblionumber=17294yKatalog online BPK